| 000 | 00557nam a2200217 a 4500 | ||
|---|---|---|---|
| 999 |
_c4926 _d4926 |
||
| 001 | 4926 | ||
| 003 | BD-JhCC | ||
| 005 | 20171205172458.0 | ||
| 008 | 171205s1969 e |||| ||a| 000 0 eng d | ||
| 035 | _a(BD-JhCC) 4926 | ||
| 040 |
_aBD-JhCC _dBD-JhCC |
||
| 041 | _aeng | ||
| 082 |
_a428.6 _bJAM 1969 |
||
| 100 | _aJames, Henry | ||
| 245 |
_aWashington Square / _c Henry James |
||
| 260 |
_aLondon : _bHeinemann Educational Books Limited-London, _c1969 |
||
| 300 |
_a207 p .: _c16 cm . |
||
| 650 | _aEnglish Language | ||
| 942 |
_2ddc _cBK |
||